000 01062nam a22002057a 4500
999 _c62719
_d62719
003 Ge_BSU
005 20250130121833.0
008 250130s2016 ge ||||| |||| 00| 0 geo d
020 _a9789941095422
041 _ageo
080 _a271.22(479.22)(09) + 94(479.22) ა-65
100 _aანდრიაძე, გიორგი
_921744
245 _aსაქართველოს ეკლესიის იურისდიქცია - ქართული ეთნოკულტურული სივრცის არეალი /
_cგიორგი ანდრიაძე.
264 _aთბილისი,
_c2016.
300 _a76 გვ. :
_bრუკები ;
_c20 სმ.
504 _aბიბლიოგრ. ტექსტის შენიშვნებში.
653 _aქართული მართლმადიდებლური ეკლესიის ისტორია
653 _aსაქართველოს ახალი ისტორია
942 _2udc
_cᲬᲘᲒᲜᲘ